000 01290nam0a2200301 4500
001 RU\NLR\bibl\1974882
005 20260406012816.0
010 _a978-5-91703-029-6
_92000
035 _a(NLR Aleph) 001963671
090 _a3860044
_c3860044
100 _a20120919d2012 |||y0rusy50 ca
101 0 _arus
102 _aRU
105 _aa |||||||||
200 1 _aПроизводство профильных изделий из ПВХ
_fШерышев М.А., Тихонов Н.Н.
210 _aСанкт-Петербург
_cНаучные основы и технологии
_cОптина
_d2012
215 _a613 с.
_cил.
_d24
320 _aБиблиогр. в конце разделов
606 1 _aПоливинилхлоридные изделия профильные
_xПроизводство
_92128340
_3RU\NLR\auth\661588245
686 _aЛ712.221.05
700 1 _aШерышев
_bМ. А.
_gМихаил Анатольевич
_4070
701 1 _4070
_8rus
_7ca
_aТихонов
_bН. Н.
_cканд. хим. наук
_gНиколай Николаевич
_3RU\NLR\auth\77118291
_9101216
801 0 _aRU
_bNLR
_c20120919
_gRCR
801 1 _aRU
_bNLR
_c20120919
830 _aавт. по кн.
942 _cBOOK
980 _aNB